LEADER 00963nam0 2200265 450 001 000024788 005 20090323100344.0 100 $a20090323d1956----km-y0itay50------ba 101 0 $afre 102 $aBE 105 $ay-------001yy 200 1 $a<>Communauté européenne du charbon et de l'acier$eun exemple d'administration economique internationale$fDaniel Vignes$gpréface de Paul Guggenheim 210 $aLiege$cGeorges Thone$d1956 215 $a196 p.$d24 cm 225 2 $aRecherches européenne 410 0$12001$aRecherches européenne 500 10$a<>Communauté européenne du charbon et de l'acier$943630 610 1 $aComunità europea del carbone e dell'acciaio 700 1$aVignes,$bDaniel$0231837 702 1$aGuggenheim,$bPaul$4070 801 0$aIT$bUNIPARTHENOPE$c20090319$gRICA$2UNIMARC 912 $a000024788 951 $a424/1$b993$cNAVA2$d2009 996 $aCommunauté européenne du charbon et de l'acier$943630 997 $aUNIPARTHENOPE